Vojna a mier Sväzok prvý

Bibliographic Details
Main Author: Tolstoj, Lev Nikolajevič, 1828-1910 (Author)
Other Authors: Jesenská, Zora, 1909-1972 (Translator), Šulc, Dušan, 1912-1995 (Editor)
Format: Book
Language:Slovak
Russian
PhysicalDescription:380, [1] s. 8°
Published: [Turčiansky Sv. Martin] Matica slovenská 1949
Edition:1. vyd.
Series:Slovanská knižnica
Subjects:

MARC

LEADER 00000cam a2200000 a 4500
001 vtls008402560
003 SK-MaSNL
005 20260301094239.0
008 230403s1949 xo g 000 f slo
015 |a SNBA19451955-012665 
035 |a SK01SNKBKSFS20020094777 
035 |a urn:nbn:sk:snk-am3i4t0 
035 |a 25C1913E-A6F1-49E1-BA43-05FAE144F1B5 
035 |a urn:nbn:sk:snk-am00dk38 
035 |a SKM000097240 
040 |a SNK  |b slo  |c SNK  |e AACR2 
041 1 |a slo  |h rus 
044 |a xo  |c SK 
080 |a 882-3  |2 1981 
100 1 |a Tolstoj, Lev Nikolajevič,  |d 1828-1910  |4 aut  |9 14566 
240 1 0 |a Vojna i mir  |l Slovensky 
245 1 0 |a Vojna a mier  |n Sväzok prvý  |c Lev N. Tolstoj ; preložila Zora Jesenská 
250 |a 1. vyd. 
260 |a [Turčiansky Sv. Martin]  |b Matica slovenská  |c 1949  |e Turčiansky Sv. Martin  |f Neografia 
300 |a 380, [1] s.  |c 8° 
490 1 |a Slovanská knižnica  |v sv. 22 
500 |a Preložené z ruštiny 
655 7 |a ruské romány  |2 SNKPH  |9 70514 
700 1 |a Jesenská, Zora,  |d 1909-1972  |4 trl  |9 37015 
700 1 |a Brtáň, Rudo,  |d 1907-1998  |4 red  |9 105140 
700 1 |a Šulc, Dušan,  |d 1912-1995  |4 edt  |9 5856 
830 0 |a Slovanská knižnica  |9 303722 
852 |a Slovenská národná knižnica 
954 |a beletria cudzojazyčná (svetová)  |2 lita 
958 |a EUIPO 
958 |a OND 
958 |a RK 
958 |a TL 
999 |c 679692  |d 681622 
952 |a SNK  |b SNK  |y PREZ  |7 0  |p 17A0908937  |o snkSD 5556/22  |i snk5177/50  |0 0  |1 0  |4 0  |d 2018-10-24  |f 1  |l 0  |r 2025-11-13 00:00:00  |w 2026-02-23 
952 |a SNK  |b SNK  |y VYP  |7 0  |p 17A0560319  |o snkSD 5556/22 D1  |i snkF 7075/62  |8 5  |0 0  |1 0  |4 0  |d 2018-10-24  |l 0  |r 2026-02-23 19:53:24  |w 2026-02-23 
952 |a SNK  |b SNK  |y VYP  |7 0  |p 17A0557960  |o snkSD 5556/22 D2  |i snkF 5030/65  |8 5  |0 0  |1 0  |4 0  |d 2018-10-24  |l 0  |r 2026-02-23 19:53:24  |w 2026-02-23